[Event "Madrid-chT 1011"]
[Site "Madrid"]
[Date "2010.12.12"]
[Round "3.25"]
[White "Madurga Lopez, Ignacio"]
[Black "Blanco San Juan, Jorge Raul"]
[Result "1/2-1/2"]
[WhiteElo "1988"]
[BlackElo "2122"]
[PlyCount "93"]
[EventDate "2010.11.21"]
[EventType "team-tourn"]
[EventRounds "14"]
[EventCountry "ESP"]
[SourceTitle "EXT 2012"]
[Source "ChessBase"]
[SourceDate "2011.11.24"]
[SourceVersion "1"]
[SourceVersionDate "2011.11.24"]
[SourceQuality "1"]
[WhiteTeam "Vallecas CDV"]
[BlackTeam "La Casa del Ajedrez"]
[WhiteTeamCountry "ESP"]
[BlackTeamCountry "ESP"]

1. e4 c5 2. Nf3 d6 3. d4 cxd4 4. Nxd4 Nf6 5. Nc3 a6 6. Bc4 e6 7. Bb3 Qc7 8. Be3 Nc6 9. Qe2 Bd7 10. 0-0-0 Be7 11. g4 Nxd4 12. Rxd4 b5 13. g5 Ng8 14. f4 Rb8 15. f5 b4 16. fxe6 fxe6 17. Nd1 a5 18. Rf1 a4 19. Bc4 b3 20. cxb3 axb3 21. a3 Rc8 22. Qf2 Bb5 23. Qf7+ Kd8 24. Qxg7 Bxc4 25. Qxh8 Bxf1+ 26. Nc3 Qa5 27. Bd2 Qc5 28. Qxg8+ Kd7 29. Qg7 Rg8 30. Qxg8 Qxd4 31. Qa8 Qd3 32. Qa4+ Kd8 33. Qxb3 Bh3 34. Qb8+ Kd7 35. Qb7+ Ke8 36. Qb5+ Qxb5 37. Nxb5 Bf1 38. Nc3 Bd3 39. b4 Kd7 40. Kb2 Kc6 41. Be3 Bf8 42. Bd4 d5 43. exd5+ exd5 44. Na2 Kb5 45. Kc3 Bc4 46. Nc1 Ka4 47. Nd3 1/2-1/2